Echo Park / (Record no. 2305)

MARC details
000 -LEADER
fixed length control field 01085cam a2200265 4500
001 - CONTROL NUMBER
control field 2874
005 - DATE AND TIME OF LATEST TRANSACTION
control field 20181127165951.0
008 - FIXED-LENGTH DATA ELEMENTS--GENERAL INFORMATION
fixed length control field 060321s2006 nyu 000 1 eng
010 ## - LIBRARY OF CONGRESS CONTROL NUMBER
LC control number 2006009809
020 ## - INTERNATIONAL STANDARD BOOK NUMBER
International Standard Book Number 0316734950
International Standard Book Number 9780316734950
043 ## - GEOGRAPHIC AREA CODE
Geographic area code n-us-ca
100 1# - MAIN ENTRY--PERSONAL NAME
Personal name Connelly, Michael,
Dates associated with a name 1956-
245 10 - TITLE STATEMENT
Title Echo Park /
Statement of responsibility, etc. Michael Connelly.
260 ## - PUBLICATION, DISTRIBUTION, ETC.
Place of publication, distribution, etc. New York :
Name of publisher, distributor, etc. Warner Books,
Date of publication, distribution, etc. 2007.
300 ## - PHYSICAL DESCRIPTION
Extent 427 p. ;
Dimensions 18 cm.
520 ## - SUMMARY, ETC.
Summary, etc. Detective Harry Bosch, now in the Open-unsolved Unit, receives a call from the DA telling him a serial killer has confessed to several murders. Harry must interview the man about a case he couldn't crack involving the murder of a 22-year-old woman whose body was never found.
650 #0 - SUBJECT ADDED ENTRY--TOPICAL TERM
Topical term or geographic name entry element Bosch, Harry (Fictitious character)
Form subdivision Fiction.
Topical term or geographic name entry element Cold cases (Criminal investigation)
Form subdivision Fiction.
Topical term or geographic name entry element Missing persons
Form subdivision Fiction.
Topical term or geographic name entry element Police
Geographic subdivision California
-- Los Angeles
Form subdivision Fiction.
Topical term or geographic name entry element Serial murderers
Form subdivision Fiction.
Topical term or geographic name entry element Young women
General subdivision Crimes against
Form subdivision Fiction.
655 #7 - INDEX TERM--GENRE/FORM
Genre/form data or focus term Mystery fiction.
Source of term gsafd
Holdings
Withdrawn status Lost status Source of classification or shelving scheme Damaged status Not for loan Collection code Home library Current library Shelving location Date acquired Serial Enumeration / chronology Inventory number Total Checkouts Total Renewals Full call number Barcode Date last seen Date last checked out Price effective from Koha item type
    Dewey Decimal Classification     Fiction RTC Library RTC Library Fiction 04/03/2021 5144 3 2 FIC 813.54 CON 30000705 03/01/2022 05/10/2021 27/11/2018 Fiction
Royal Thimphu College || All Right Reserved